Early Christian & Byzantine architecture = Arquitectura cristiana y bizantina temprana /
保存先:
| 第一著者: | |
|---|---|
| フォーマット: | 不明 |
| 言語: | English |
| 出版事項: |
New York :
G. Braziller,
1962.
|
| 主題: | |
| タグ: |
タグ追加
タグなし, このレコードへの初めてのタグを付けませんか!
|
MARC
| LEADER | 000000000a22000000004500 | ||
|---|---|---|---|
| 001 | 014257 | ||
| 041 | 0 | |a eng | |
| 082 | 0 | 4 | |a 723.1 |b M135e |
| 100 | 1 | |a MacDonald, William L. |c (William Lloyd), |d 1921- | |
| 245 | 1 | 0 | |a Early Christian & Byzantine architecture = |b Arquitectura cristiana y bizantina temprana / |c William L. MacDonald. |
| 246 | 3 | 1 | |a Arquitectura cristiana y bizantina temprana |
| 260 | 1 | |a New York : |b G. Braziller, |c 1962. | |
| 300 | |a 128 páginas ; |b 100 ilustraciones (incluye planos) ; |c 26 cm. | ||
| 650 | 4 | |a ARQUTECTURA CRISTIANA | |
| 650 | 4 | |a ARQUITECTURA BIZANTINA | |
| 500 | |a Colección George Yúdice | ||
| 999 | |c 20151 |d 20151 | ||
| 942 | |c BK |h 723.1 M135e |2 z | ||
